|
|
|
|
| LEADER |
00969nam a2200253 a 4500 |
| 001 |
6498409 |
| 008 |
090701s2003 ii cf 000 0 eng d |
| 010 |
|
|
|a 51036785
|
| 020 |
|
|
|a 9788171678525
|
| 040 |
|
|
|a DLC
|c TxU
|d TxU
|d DLC
|
| 082 |
|
|
|a 954.004
|2 21
|
| 999 |
|
|
|c 1958
|d 1958
|
| 999 |
|
|
|c 1958
|
| 100 |
1 |
|
|a Tagore, Rabindranath,
|d 1861-1941.
|9 1520
|
| 240 |
1 |
0 |
|a Rabindra Rachanavali
|
| 245 |
1 |
0 |
|a Crisis in civilization & other essays /
|c Rabindranath Tagore.
|
| 260 |
|
|
|a New Delhi :
|b Rupa & Co.,
|c 2003.
|
| 300 |
|
|
|a 287 p. :
|b port. ;
|c 16 cm.
|
| 500 |
|
|
|a "First published May 1941. Revised edition September 1950"--Colophon.
|
| 541 |
1 |
|
|e 00014232
|
| 651 |
|
0 |
|a India
|x Politics and government
|y 1919-1947.
|9 1521
|
| 852 |
4 |
|
|a Ayesha Abed Library
|j General shelf
|
| 942 |
|
|
|2 ddc
|c BK
|0 1
|
| 952 |
|
|
|0 0
|1 0
|2 ddc
|4 0
|6 954_004000000000000_TAG_2003
|7 0
|9 1797
|a BRACUL
|b BRACUL
|c GEN
|d 2009-07-02
|g 745.00
|l 9
|m 39
|o 954.004 TAG
|p 3010014232
|r 2015-11-08
|s 2015-11-01
|t 1
|w 2009-07-02
|y BK
|